[Event "Scarborough CC Jack Frost"]
[Site "Toronto CAN"]
[Date "2024.12.07"]
[Round "1.3"]
[White "Gao, Heye"]
[Black "Dhungel, Uttam"]
[Result "1-0"]
[WhiteElo "1885"]
[BlackElo "1700"]
[PlyCount "93"]
[EventDate "2023.12.07"]
[EventType "swiss"]
[EventRounds "7"]
[EventCountry "CAN"]

1. e4 c5 2. Nf3 Nc6 3. d4 cxd4 4. Nxd4 Nf6 5. Nc3 Qc7 6. f3 a6 7. Be2 e6 8. Be3
Be7 9. Qd2 b5 10. a3 O-O 11. O-O Bb7 12. Rad1 Ne5 13. Qe1 Nc4 14. Bxc4 Qxc4 15.
Bf2 d6 16. Nce2 Rac8 17. c3 Rfd8 18. Ng3 h5 19. Qe3 Qc7 20. Rfe1 Ba8 21. Nde2
Rd7 22. Nf4 g6 23. Nd3 Kh7 24. Ne2 e5 25. Nb4 Bb7 26. Nd5 Nxd5 27. exd5 f5 28.
h4 Qd8 29. g3 Rc5 30. Nc1 Rxd5 31. Nd3 Qf8 32. Rc1 f4 33. gxf4 exf4 34. Nxf4
Re5 35. Qd4 Bf6 36. Qd3 Rf5 37. Ne6 Qf7 38. f4 Re7 39. Qxd6 Rd5 40. Qb6 Rd2 41.
Ng5+ Bxg5 42. hxg5 Red7 43. Qf6 Rxb2 44. Rcd1 Qxf6 45. Rxd7+ Qg7 46. Rxg7+ Kxg7
47. Re7+ 1-0

[Event "Scarborough CC Jack Frost"]
[Site "Toronto CAN"]
[Date "2023.12.07"]
[Round "1.4"]
[White "Balakrishnan, Shankar"]
[Black "Wang, Nathan"]
[Result "1-0"]
[WhiteElo "1715"]
[BlackElo "1882"]
[PlyCount "91"]
[EventDate "2023.12.07"]
[EventType "swiss"]
[EventRounds "7"]
[EventCountry "CAN"]

1. e4 c5 2. c3 d5 3. exd5 Qxd5 4. d4 Nc6 5. Be3 cxd4 6. cxd4 e5 7. Nc3 Bb4 8.
dxe5 Qxe5 9. Qc1 Bg4 10. Be2 Nf6 11. Nf3 Bxf3 12. Bxf3 Nd4 13. Bxb7 Rb8 14. Qd1
Bc5 15. Na4 Bb4+ 16. Kf1 Qb5+ 17. Kg1 Ne2+ 18. Kf1 Ng3+ 19. Kg1 Ne2+ 20. Kf1
Ng3+ 21. Kg1 Nxh1 22. Bf3 Nxf2 23. Bxf2 O-O 24. Nc3 Qa5 25. Nd5 Nxd5 26. Qxd5
Qxd5 27. Bxd5 Rbd8 28. Bf3 a5 29. a3 Be7 30. Be1 Bc5+ 31. Kf1 Bb6 32. b4 axb4
33. Bxb4 Rfe8 34. a4 Rd4 35. Be1 g6 36. a5 Ba7 37. Bf2 Rd7 38. Bc6 Bxf2 39.
Bxd7 Rd8 40. Kxf2 Rxd7 41. a6 Ra7 42. Ke3 Kf8 43. Kd4 Ke7 44. Kc5 Kd7 45. Kb6
Rc7 46. a7 1-0

[Event "Scarborough CC Jack Frost"]
[Site "Toronto CAN"]
[Date "2023.12.07"]
[Round "1.5"]
[White "Bossy, John"]
[Black "De Costa, Benjamin"]
[Result "0-1"]
[WhiteElo "1866"]
[BlackElo "1702"]
[PlyCount "96"]
[EventDate "2023.12.07"]
[EventType "swiss"]
[EventRounds "7"]
[EventCountry "CAN"]

1. d4 c6 2. c4 e6 3. Nf3 d5 4. Nc3 f5 5. g3 Nf6 6. Bg2 Be7 7. O-O Nbd7 8. Qc2
O-O 9. cxd5 exd5 10. Qxf5 Ne4 11. Qe6+ Kh8 12. Nxd5 cxd5 13. Qxd5 Ndf6 14. Qxd8
Rxd8 15. Bf4 Be6 16. Rac1 Rac8 17. a3 Ng4 18. Rxc8 Rxc8 19. Ne5 Ngxf2 20. Rxf2
Nxf2 21. Kxf2 Rc2 22. d5 Bg8 23. Nd3 b6 24. d6 Bd8 25. Be5 Bc4 26. Ke3 Bg5+ 27.
Bf4 Bf6 28. d7 Bxd3 29. Kxd3 Rxb2 30. Bc7 Rb3+ 31. Ke4 Rb2 32. d8=Q+ Bxd8 33.
Bxd8 Rxe2+ 34. Kf3 Ra2 35. Be7 Kg8 36. h4 Kf7 37. Bb4 a5 38. Bf1 axb4 39. Bc4+
Kf6 40. Bxa2 bxa3 41. Kf4 h5 42. g4 hxg4 43. Kxg4 b5 44. Bb3 b4 45. Ba2 Ke5 46.
Kg5 Kd4 47. Kg6 Kc3 48. Kxg7 b3 0-1

[Event "Scarborough CC Jack Frost"]
[Site "Toronto CAN"]
[Date "2023.12.14"]
[Round "2.1"]
[White "Southam, David"]
[Black "Balakrishnan, Shankar"]
[Result "1/2-1/2"]
[WhiteElo "2054"]
[BlackElo "1715"]
[PlyCount "112"]
[EventDate "2023.12.07"]
[EventType "swiss"]
[EventRounds "7"]
[EventCountry "CAN"]

1. d4 d5 2. c4 Nc6 3. cxd5 Qxd5 4. e3 e5 5. Nc3 Bb4 6. Bd2 Bxc3 7. Bxc3 exd4 8.
Ne2 Bg4 9. f3 Be6 10. Nxd4 O-O-O 11. Qa4 Nge7 12. e4 Qc5 13. Qb5 Qxb5 14. Nxb5
a6 15. Na3 f6 16. Nc2 Ng6 17. Nb4 Nxb4 18. Bxb4 Nf4 19. Kf2 Nd3+ 20. Bxd3 Rxd3
21. Bc3 Rhd8 22. Rhe1 R8d7 23. Re3 c5 24. a3 b5 25. Rae1 Kb7 26. Rxd3 Rxd3 27.
Re2 Kb6 28. Rd2 Rxd2+ 29. Bxd2 a5 30. b4 axb4 31. axb4 cxb4 32. Bxb4 Kc6 33.
Ke3 Kd7 34. Kd4 g5 35. g3 h5 36. f4 gxf4 37. gxf4 f5 38. exf5 Bxf5 39. Ke5 Bd3
40. f5 Ke8 41. Kf6 Bc4 42. Kg7 Bd5 43. Kg6 Bf7+ 44. Kg5 Kd7 45. Kf6 Ke8 46. h4
Bc4 47. Kg6 Bf7+ 48. Kg5 Kd7 49. Kf6 Ke8 50. Bc5 Bc4 51. Kg7 Bf7 52. f6 Bc4 53.
Kg6 Bf7+ 54. Kg5 Kd7 55. Kh6 Ke6 56. Kg7 Be8 1/2-1/2

[Event "Scarborough CC Jack Frost"]
[Site "Toronto CAN"]
[Date "2023.12.14"]
[Round "2.2"]
[White "Gebhardt, David"]
[Black "Gao, Heye"]
[Result "0-1"]
[WhiteElo "1619"]
[BlackElo "1885"]
[PlyCount "87"]
[EventDate "2023.12.07"]
[EventType "swiss"]
[EventRounds "7"]
[EventCountry "CAN"]

1. e4 e5 2. Nf3 Nc6 3. Bc4 Bc5 4. c3 Nf6 5. d4 exd4 6. cxd4 Bb4+ 7. Bd2 Bxd2+
8. Nbxd2 d5 9. exd5 Nxd5 10. Qe2+ Be6 11. O-O O-O 12. Bb5 Nce7 13. Ng5 Bd7 14.
Bc4 h6 15. Nge4 Bc6 16. Rfd1 Nf5 17. Qh5 Nxd4 18. Bxd5 Qxd5 19. Qxd5 Bxd5 20.
Nc3 Nc2 21. Nxd5 Nxa1 22. Rxa1 Rfd8 23. Nxc7 Rac8 24. Nf3 Rxc7 25. a3 Rc2 26.
b4 Rdc8 27. Re1 Ra2 28. Re3 Rc1+ 29. Ne1 Rxa3 30. Re8+ Kh7 31. Re7 Rb1 32. g3
Rxb4 33. Kg2 Rb2 34. Rxf7 Kg6 35. Rf4 a5 36. Nf3 b5 37. Ne5+ Kh7 38. Nd7 Rd3
39. Nf8+ Kg8 40. Ne6 Rd6 41. Rf8+ Kh7 42. Nf4 a4 43. h4 a3 44. h5 0-1

[Event "Scarborough CC Jack Frost"]
[Site "Toronto CAN"]
[Date "2023.12.14"]
[Round "2.3"]
[White "Sharpe, Sam"]
[Black "Yang, Larry"]
[Result "0-1"]
[WhiteElo "1855"]
[BlackElo "2132"]
[PlyCount "44"]
[EventDate "2023.12.07"]
[EventType "swiss"]
[EventRounds "7"]
[EventCountry "CAN"]

1. e4 e5 2. Nf3 Nc6 3. Bb5 a6 4. Ba4 Nf6 5. O-O b5 6. Bb3 Be7 7. Re1 d6 8. c3
Bg4 9. h3 Bh5 10. d3 Qd7 11. Nbd2 g5 12. Nf1 g4 13. hxg4 Bxg4 14. Ng3 Rg8 15.
a4 Rb8 16. axb5 axb5 17. d4 exd4 18. cxd4 Bxf3 19. gxf3 Qh3 20. d5 Ne5 21. Re3
Nfg4 22. Rd3 Qh2+ 0-1

[Event "Scarborough CC Jack Frost"]
[Site "Toronto CAN"]
[Date "2023.12.14"]
[Round "2.4"]
[White "Kola, Venkat Karthikeya R"]
[Black "Zhong, Ryan Yunhui"]
[Result "0-1"]
[WhiteElo "1766"]
[BlackElo "1999"]
[PlyCount "58"]
[EventDate "2023.12.07"]
[EventType "swiss"]
[EventRounds "7"]
[EventCountry "CAN"]

1. e4 e6 2. d4 d5 3. exd5 exd5 4. Nf3 Nc6 5. Bb5 Bd6 6. O-O Nge7 7. Ne5 f6 8.
Bxc6+ bxc6 9. Nd3 O-O 10. Bf4 Ng6 11. Bxd6 cxd6 12. Nd2 Ba6 13. Nb3 f5 14. Re1
Qg5 15. Nb4 Bc8 16. Nxc6 f4 17. Kh1 Nh4 18. g3 fxg3 19. fxg3 Nf3 20. Rf1 Bg4
21. Qc1 Qh5 22. Rf2 Rae8 23. Qf1 Rf6 24. Qd3 Rh6 25. h4 Nxh4 26. Rh2 Nf3 27.
Rxh5 Rxh5+ 28. Kg2 Rh2+ 29. Kf1 Bh3# 0-1

[Event "Scarborough CC Jack Frost"]
[Site "Toronto CAN"]
[Date "2023.12.14"]
[Round "2.5"]
[White "Wang, Nathan"]
[Black "Cheng, Adrien"]
[Result "1/2-1/2"]
[WhiteElo "1882"]
[BlackElo "1767"]
[PlyCount "75"]
[EventDate "2023.12.07"]
[EventType "swiss"]
[EventRounds "7"]
[EventCountry "CAN"]

1. e4 e5 2. Nf3 Nc6 3. Bc4 Bc5 4. c3 Nf6 5. d4 exd4 6. e5 d5 7. Bb5 Ne4 8. cxd4
Bb6 9. Nc3 Bg4 10. Be3 O-O 11. h3 Bh5 12. Qc2 Bg6 13. Qb3 Ne7 14. O-O c6 15.
Bd3 Nd2 16. Nxd2 Bxd3 17. Rfe1 Nf5 18. Na4 Bb5 19. Nxb6 Qxb6 20. a4 Bc4 21.
Qxb6 axb6 22. b3 Bd3 23. g4 Ne7 24. Rac1 Rfe8 25. Rc3 Bg6 26. f4 f5 27. exf6
gxf6 28. f5 Bf7 29. Bf4 Nc8 30. Rxe8+ Bxe8 31. Re3 Kf7 32. Bc7 Bd7 33. Kg2 b5
34. a5 b4 35. Kg3 Ra6 36. Bd8 c5 37. dxc5 Rc6 38. Nf3 1/2-1/2

[Event "Scarborough CC Jack Frost"]
[Site "Toronto CAN"]
[Date "2023.12.21"]
[Round "3.1"]
[White "Gao, Heye"]
[Black "Southam, David"]
[Result "1-0"]
[WhiteElo "1885"]
[BlackElo "2054"]
[PlyCount "107"]
[EventDate "2023.12.07"]
[EventType "swiss"]
[EventRounds "7"]
[EventCountry "CAN"]

1. e4 e6 2. d4 d5 3. Nc3 Bb4 4. e5 c5 5. a3 Bxc3+ 6. bxc3 Ne7 7. Qg4 O-O 8. Bd3
Nbc6 9. Nf3 f5 10. exf6 Rxf6 11. Bg5 Rf7 12. Qg3 Qf8 13. O-O c4 14. Bxe7 Qxe7
15. Be2 h6 16. Ne5 Nxe5 17. dxe5 Qg5 18. Qxg5 hxg5 19. Bg4 Bd7 20. Rfd1 Re7 21.
Rd4 Ba4 22. Rc1 Rf8 23. Kf1 Bd7 24. Ke2 Ref7 25. f3 Rf4 26. Rb1 b6 27. Ke3 Rxd4
28. cxd4 Kf7 29. c3 Ke7 30. g3 Rh8 31. h3 Be8 32. f4 gxf4+ 33. gxf4 Bh5 34. Kf3
Bg6 35. Rb2 Be4+ 36. Kg3 Rb8 37. a4 a5 38. Kf2 Bg6 39. Ke3 Be8 40. Bd1 b5 41.
axb5 Rxb5 42. Ra2 Rb3 43. Bxb3 cxb3 44. Rxa5 Bg6 45. Rb5 Bc2 46. Kd2 Kf7 47.
Rb6 Bf5 48. Rxb3 Kg6 49. h4 Kh5 50. Rb7 Kxh4 51. Rxg7 Kh5 52. Rg5+ Kh6 53. Rxf5
exf5 54. Kc2 1-0

[Event "Scarborough CC Jack Frost"]
[Site "Toronto CAN"]
[Date "2023.12.21"]
[Round "3.2"]
[White "Yang, Larry"]
[Black "Balakrishnan, Shankar"]
[Result "0-1"]
[WhiteElo "2132"]
[BlackElo "1715"]
[PlyCount "62"]
[EventDate "2023.12.07"]
[EventType "swiss"]
[EventRounds "7"]
[EventCountry "CAN"]

1. e4 e5 2. Nf3 Nc6 3. Bc4 f5 4. d4 exd4 5. O-O fxe4 6. Nxd4 Nf6 7. Bg5 Nxd4 8.
Qxd4 Be7 9. Nc3 c6 10. Bxf6 Bxf6 11. Qxe4+ Kf8 12. Qf4 d5 13. Rad1 Be6 14. Ne4
Bf7 15. Nxf6 Qxf6 16. Qxf6 gxf6 17. Bb3 Re8 18. c3 Kg7 19. f4 Re2 20. Rf2 Rhe8
21. Kf1 Bh5 22. g4 Bxg4 23. Rd3 Rxf2+ 24. Kxf2 Re2+ 25. Kg1 Kf7 26. c4 Rxb2 27.
cxd5 cxd5 28. Rxd5 Kg6 29. Rc5 Bf5 30. Rc7 Be4 31. Re7 Kf5 0-1

[Event "Scarborough CC Jack Frost"]
[Site "Toronto CAN"]
[Date "2023.12.21"]
[Round "3.3"]
[White "Cheng, Adrien"]
[Black "Dhungel, Uttam"]
[Result "1-0"]
[WhiteElo "1767"]
[BlackElo "1700"]
[PlyCount "39"]
[EventDate "2023.12.07"]
[EventType "swiss"]
[EventRounds "7"]
[EventCountry "CAN"]

1. f4 d5 2. Nf3 Nf6 3. e3 c5 4. b3 Nc6 5. Bb5 Bg4 6. Bxc6+ bxc6 7. Bb2 e6 8.
O-O Bd6 9. d3 O-O 10. Nbd2 Nd7 11. Qe1 Bh5 12. Qg3 f6 13. e4 Qe8 14. Rae1 Qf7
15. e5 Be7 16. exf6 Bxf6 17. Ng5 Bxg5 18. Qxg5 Bg6 19. f5 h6 20. Qxg6 1-0

[Event "Scarborough CC Jack Frost"]
[Site "Toronto CAN"]
[Date "2023.12.21"]
[Round "3.4"]
[White "Wang, Nathan"]
[Black "Gebhardt, David"]
[Result "1/2-1/2"]
[WhiteElo "1882"]
[BlackElo "1619"]
[PlyCount "35"]
[EventDate "2023.12.07"]
[EventType "swiss"]
[EventRounds "7"]
[EventCountry "CAN"]

1. e4 c6 2. d4 d5 3. e5 Bf5 4. Nf3 e6 5. Be2 Nd7 6. O-O Ne7 7. Re1 c5 8. c3 Nc6
9. a3 Qb6 10. b4 c4 11. Nh4 Be4 12. Nd2 Bg6 13. Nxg6 hxg6 14. Nf3 Be7 15. Bf1
a6 16. Bd2 Qd8 17. Qb1 b5 18. g3 1/2-1/2

[Event "Scarborough CC Jack Frost"]
[Site "Toronto CAN"]
[Date "2023.12.21"]
[Round "3.5"]
[White "Kola, Venkat Karthikeya R"]
[Black "Bossy, John"]
[Result "1-0"]
[WhiteElo "1766"]
[BlackElo "1866"]
[PlyCount "127"]
[EventDate "2023.12.07"]
[EventType "swiss"]
[EventRounds "7"]
[EventCountry "CAN"]

1. e4 c5 2. Nf3 d6 3. d4 cxd4 4. Nxd4 Nf6 5. Nc3 e6 6. Bb5+ Bd7 7. Bxd7+ Qxd7
8. O-O Nc6 9. Nxc6 bxc6 10. f4 Rb8 11. b3 Be7 12. Ba3 d5 13. Bxe7 Qxe7 14. Kh1
O-O 15. e5 Nd7 16. Ne2 c5 17. Ng3 f6 18. Qe2 fxe5 19. fxe5 Qg5 20. Rxf8+ Rxf8
21. Re1 Qf4 22. Qa6 Qg4 23. Qd6 Rf7 24. Rg1 h5 25. Rf1 Rxf1+ 26. Nxf1 Qf5 27.
Ng3 Qxe5 28. Qxe5 Nxe5 29. Nxh5 Kf7 30. Kg1 Kg6 31. Ng3 Kg5 32. h3 g6 33. Kf2
Kf4 34. Ne2+ Ke4 35. Nc3+ Kd4 36. Nb5+ Ke4 37. Nxa7 c4 38. Nb5 cxb3 39. axb3
Nc6 40. Ke2 d4 41. Nd6+ Kd5 42. Nf7 e5 43. Nh8 Ne7 44. Nf7 e4 45. g4 Nc6 46. h4
Ne7 47. h5 gxh5 48. gxh5 Ng8 49. h6 Nf6 50. Ng5 Nh5 51. h7 Nf4+ 52. Ke1 Ng6 53.
Nf7 Kc5 54. h8=Q Nxh8 55. Nxh8 Kb4 56. Kd2 d3 57. Ng6 dxc2 58. Kxc2 e3 59. Nf4
Kb5 60. Kc3 Kc5 61. b4+ Kb5 62. Ne6 Kb6 63. Nd4 Kb7 64. Kd3 1-0

[Event "Scarborough CC Jack Frost"]
[Site "Toronto CAN"]
[Date "2023.12.21"]
[Round "3.6"]
[White "Ferreira, Alex"]
[Black "Sharpe, Sam"]
[Result "1/2-1/2"]
[WhiteElo "2071"]
[BlackElo "1855"]
[PlyCount "102"]
[EventDate "2023.12.07"]
[EventType "swiss"]
[EventRounds "7"]
[EventCountry "CAN"]

1. e4 c5 2. Nf3 Nc6 3. d4 cxd4 4. Nxd4 Nf6 5. Nc3 e5 6. Ndb5 d6 7. Bg5 a6 8.
Na3 b5 9. Nd5 Be7 10. Bxf6 Bxf6 11. c3 O-O 12. Nc2 Bg5 13. h4 Bh6 14. g4 g6 15.
a4 bxa4 16. Rxa4 f5 17. exf5 gxf5 18. g5 Bg7 19. Ndb4 Nxb4 20. Nxb4 Bb7 21.
Bc4+ Kh8 22. Bd5 Qb6 23. Rh3 a5 24. h5 e4 25. Bxb7 Qxb7 26. Qd5 Qxd5 27. Nxd5
Rab8 28. Ra1 Rb5 29. Nc7 Rb7 30. Ne6 Rfb8 31. Rxa5 Rxb2 32. Nxg7 Rb1+ 33. Ke2
f4 34. Ra2 Kxg7 35. Rh4 R8b2+ 36. Rxb2 Rxb2+ 37. Ke1 Rb1+ 38. Ke2 Rb2+ 39. Kf1
Rb1+ 40. Kg2 f3+ 41. Kg3 d5 42. c4 Rg1+ 43. Kf4 dxc4 44. Kxe4 Rxg5 45. Kd4 Kh6
46. Kxc4 Rxh5 47. Rf4 Kg5 48. Rxf3 Rh4+ 49. Kd3 Ra4 50. Ke2 h5 51. Kf1 Rf4
1/2-1/2

[Event "Scarborough CC Jack Frost"]
[Site "Toronto CAN"]
[Date "2024.01.04"]
[Round "4.1"]
[White "Balakrishnan, Shankar"]
[Black "Gao, Heye"]
[Result "1-0"]
[WhiteElo "1715"]
[BlackElo "1885"]
[PlyCount "45"]
[EventDate "2023.12.07"]
[EventType "swiss"]
[EventRounds "7"]
[EventCountry "CAN"]

1. e4 e5 2. Bc4 Nf6 3. Nc3 Bc5 4. d3 Nc6 5. f4 d6 6. Nf3 Ng4 7. Ng5 exf4 8.
Bxf7+ Kf8 9. Bxf4 Nf2 10. Qh5 Nxh1 11. Be6 Qf6 12. Nd5 Qg6 13. Nxh7+ Rxh7 14.
Qxg6 Bxe6 15. Qxh7 Bxd5 16. exd5 Ne7 17. O-O-O Nf2 18. Rf1 Ng8 19. Bg3 Be3+ 20.
Kb1 Re8 21. Bxf2 Bxf2 22. Qf5+ Nf6 23. Qxf2 1-0

[Event "Scarborough CC Jack Frost"]
[Site "Toronto CAN"]
[Date "2024.01.04"]
[Round "4.2"]
[White "Zhong, Ryan Yunhui"]
[Black "Cheng, Adrien"]
[Result "1-0"]
[WhiteElo "1999"]
[BlackElo "1767"]
[PlyCount "65"]
[EventDate "2023.12.07"]
[EventType "swiss"]
[EventRounds "7"]
[EventCountry "CAN"]

1. e4 e5 2. Nf3 Nc6 3. d4 exd4 4. Nxd4 Bc5 5. Nb3 Bb6 6. Nc3 d6 7. Qe2 Nge7 8.
Be3 O-O 9. O-O-O f5 10. g3 fxe4 11. Nxe4 Ne5 12. h3 Qe8 13. f4 N5g6 14. Bg2 d5
15. Bxb6 axb6 16. Ng5 c6 17. Rhe1 Bd7 18. Kb1 Qc8 19. Nd4 h6 20. Ngf3 c5 21.
Nb5 Nf5 22. Ne5 Nxe5 23. fxe5 Nxg3 24. Bxd5+ Kh8 25. Qd3 Nf5 26. Nd6 Nxd6 27.
exd6 Ra4 28. c4 b5 29. Qg3 Bf5+ 30. Ka1 b4 31. Re7 Rxa2+ 32. Kxa2 Qa8+ 33. Kb3
1-0

[Event "Scarborough CC Jack Frost"]
[Site "Toronto CAN"]
[Date "2024.01.04"]
[Round "4.5"]
[White "Chamberland, Luc"]
[Black "Kola, Venkat Karthikeya R"]
[Result "0-1"]
[WhiteElo "1777"]
[BlackElo "1766"]
[PlyCount "102"]
[EventDate "2023.12.07"]
[EventType "swiss"]
[EventRounds "7"]
[EventCountry "CAN"]

1. e4 c5 2. c3 Nf6 3. e5 Nd5 4. d4 cxd4 5. Nf3 Nc6 6. Bc4 Nb6 7. Bb3 e6 8. cxd4
Bb4+ 9. Nbd2 d6 10. a3 Bxd2+ 11. Bxd2 dxe5 12. dxe5 O-O 13. O-O Nd4 14. Nxd4
Qxd4 15. Bc3 Qxd1 16. Raxd1 Bd7 17. Rd6 Bc6 18. Rfd1 Bd5 19. Bxd5 Nxd5 20. Be1
Rfd8 21. Rxd8+ Rxd8 22. f4 Rc8 23. Bd2 Kf8 24. Rc1 Rxc1+ 25. Bxc1 Ke7 26. Kf2
Kd7 27. g4 Kc6 28. Ke2 Ne7 29. Ke3 Kd5 30. Bd2 g5 31. fxg5 Ng6 32. Bc3 Nxe5 33.
h3 Nc4+ 34. Kf3 e5 35. a4 Nb6 36. a5 Na4 37. Ke3 Nxc3 38. bxc3 b5 39. axb6 axb6
40. h4 Kc4 41. Ke4 Kxc3 42. Kxe5 b5 43. Kf6 b4 44. Kxf7 b3 45. g6 hxg6 46. Kxg6
b2 47. h5 b1=Q+ 48. Kh6 Kd4 49. g5 Ke5 50. g6 Kf6 51. g7 Kf7 0-1

[Event "Scarborough CC Jack Frost"]
[Site "Toronto CAN"]
[Date "2024.01.11"]
[Round "5.1"]
[White "Balakrishnan, Shankar"]
[Black "Zhong, Ryan Yunhui"]
[Result "0-1"]
[WhiteElo "1715"]
[BlackElo "1999"]
[PlyCount "44"]
[EventDate "2023.12.07"]
[EventType "swiss"]
[EventRounds "7"]
[EventCountry "CAN"]

1. e4 e6 2. Nf3 d5 3. Nc3 Nf6 4. e5 Nfd7 5. d4 c5 6. Bg5 Qb6 7. dxc5 Bxc5 8.
Qd2 Nc6 9. Na4 Bxf2+ 10. Qxf2 Qb4+ 11. c3 Qxa4 12. Be2 Ndxe5 13. Nxe5 Nxe5 14.
O-O Qd7 15. Qc5 b6 16. Qd4 f6 17. Bh5+ Ng6 18. Rxf6 gxf6 19. Qxf6 Rf8 20. Bxg6+
hxg6 21. Qxg6+ Qf7 22. Qd3 Qf5 0-1

[Event "Scarborough CC Jack Frost"]
[Site "Toronto CAN"]
[Date "2024.01.11"]
[Round "5.2"]
[White "Southam, David"]
[Black "Yang, Larry"]
[Result "1-0"]
[WhiteElo "2064"]
[BlackElo "2132"]
[PlyCount "93"]
[EventDate "2023.12.07"]
[EventType "swiss"]
[EventRounds "7"]
[EventCountry "CAN"]

1. d4 Nf6 2. c4 g6 3. Nc3 d5 4. cxd5 Nxd5 5. e4 Nxc3 6. bxc3 Bg7 7. Nf3 c5 8.
Be3 O-O 9. Rc1 Qc7 10. Qd2 Rd8 11. d5 e5 12. Bh6 Qe7 13. Bd3 Bg4 14. Bxg7 Kxg7
15. Qe3 Bxf3 16. Qxf3 Nd7 17. O-O Nb6 18. Qe2 Rac8 19. c4 Rd6 20. Rb1 Rf8 21.
Rb5 Rc8 22. Rfb1 Rc7 23. Qb2 Rdd7 24. Be2 h5 25. a4 Nc8 26. Rb3 Nd6 27. Qc2 Qh4
28. f3 Qf4 29. Qc1 Qf6 30. a5 Rd8 31. Qe3 h4 32. Bf1 Rh8 33. R3b2 Rh5 34. Rf2
g5 35. Bd3 Qf4 36. Qxf4 gxf4 37. Ra2 Rc8 38. Rab2 Rb8 39. Kf2 Rg5 40. Rc1 Kf6
41. Bf1 Ke7 42. Be2 Kd7 43. Bf1 Kc7 44. Bd3 Rbg8 45. Rg1 h3 46. g4 fxg3+ 47.
Rxg3 1-0

[Event "Scarborough CC Jack Frost"]
[Site "Toronto CAN"]
[Date "2024.01.11"]
[Round "5.3"]
[White "Cheng, Adrien"]
[Black "Kola, Venkat Karthikeya R"]
[Result "1-0"]
[WhiteElo "1767"]
[BlackElo "1766"]
[PlyCount "107"]
[EventDate "2023.12.07"]
[EventType "swiss"]
[EventRounds "7"]
[EventCountry "CAN"]

1. f4 d5 2. Nf3 c5 3. e3 Nc6 4. Bb5 Bg4 5. Bxc6+ bxc6 6. O-O Nf6 7. d3 e6 8.
Nbd2 Bd6 9. Qe1 Bxf3 10. Nxf3 O-O 11. b3 d4 12. e4 Bc7 13. Ng5 h6 14. Nh3 Ba5
15. Qg3 Nh5 16. Qf3 Nf6 17. f5 exf5 18. Qxf5 Qd7 19. Bxh6 Qxf5 20. Rxf5 Ng4 21.
Bxg7 Kxg7 22. Rg5+ Kf6 23. Rf1+ Ke7 24. Rxg4 Bd2 25. Rg7 Be3+ 26. Kh1 a5 27. a4
Bh6 28. Rh7 Be3 29. Rh5 Kd6 30. Rf6+ Kd7 31. Rhf5 c4 32. dxc4 Rfe8 33. Rxf7+
Kd6 34. c5+ Ke6 35. Nf4+ Bxf4 36. Rxf4 Rab8 37. R7f6+ Ke5 38. R6f5+ Ke6 39. Rf3
Rb4 40. Rd3 Kd7 41. Rf4 Re5 42. g4 Rxc5 43. Rf2 Rc3 44. Rfd2 Rxd3 45. Rxd3 Ke6
46. h4 Ke5 47. g5 Kf4 48. Kg2 Kxe4 49. g6 Rb7 50. Rg3 Rg7 51. h5 Kf5 52. h6
Rxg6 53. h7 Rh6 54. Rh3 1-0

[Event "Scarborough CC Jack Frost"]
[Site "Toronto CAN"]
[Date "2024.01.11"]
[Round "5.4"]
[White "De Costa, Benjamin"]
[Black "Chamberland, Luc"]
[Result "1-0"]
[WhiteElo "1702"]
[BlackElo "1777"]
[PlyCount "61"]
[EventDate "2023.12.07"]
[EventType "swiss"]
[EventRounds "7"]
[EventCountry "CAN"]

1. d4 Nf6 2. c4 g6 3. Nc3 d5 4. Nf3 Bg7 5. e3 O-O 6. cxd5 Nxd5 7. Bc4 Nxc3 8.
bxc3 c5 9. Ba3 cxd4 10. cxd4 Bg4 11. O-O Nc6 12. h3 Bd7 13. Re1 Bf6 14. Ne5
Nxe5 15. dxe5 Bg7 16. Qb3 b5 17. Bd5 Rc8 18. Rad1 e6 19. Bxf8 Bxf8 20. Bb7 Rc7
21. Ba6 Qb8 22. a4 Qb6 23. Bxb5 Bxb5 24. Qxb5 Rc3 25. Qxb6 axb6 26. Rc1 Ra3 27.
Ra1 Rc3 28. a5 bxa5 29. Rxa5 Rc5 30. Rxc5 Bxc5 31. Rc1 1-0

[Event "Scarborough CC Jack Frost"]
[Site "Toronto CAN"]
[Date "2024.01.11"]
[Round "5.5"]
[White "Dhungel, Uttam"]
[Black "Bossy, John"]
[Result "1-0"]
[WhiteElo "1700"]
[BlackElo "1866"]
[PlyCount "28"]
[EventDate "2023.12.07"]
[EventType "swiss"]
[EventRounds "7"]
[EventCountry "CAN"]

1. Nf3 d5 2. b3 Nf6 3. Bb2 Bf5 4. e3 e6 5. Be2 Be7 6. O-O O-O 7. d4 h6 8. Nbd2
Nbd7 9. Ne5 c5 10. f4 Rc8 11. g4 Be4 12. Rc1 cxd4 13. exd4 Qb6 14. Nxe4 Nxe4
1-0

[Event "Scarborough CC Jack Frost"]
[Site "Toronto CAN"]
[Date "2024.01.18"]
[Round "6.1"]
[White "Zhong, Ryan Yunhui"]
[Black "Southam, David"]
[Result "1/2-1/2"]
[WhiteElo "1999"]
[BlackElo "2064"]
[PlyCount "132"]
[EventDate "2023.12.07"]
[EventType "swiss"]
[EventRounds "7"]
[EventCountry "CAN"]

1. e4 e6 2. d4 d5 3. Nd2 c5 4. exd5 Qxd5 5. Ngf3 cxd4 6. Bc4 Qd6 7. O-O Nf6 8.
Nb3 Nc6 9. Nbxd4 Nxd4 10. Nxd4 a6 11. c3 Qc7 12. Bb3 Bd6 13. h3 Bf4 14. Qf3
Bxc1 15. Raxc1 O-O 16. Rfe1 Bd7 17. Re2 Rad8 18. Rce1 Bc8 19. Re5 b6 20. Rg5
Kh8 21. h4 Bb7 22. Qh3 Bd5 23. Bc2 Bxa2 24. Qe3 h6 25. Rg3 Bd5 26. b3 Bb7 27.
Bb1 Qc5 28. Qe2 Qh5 29. Qc2 Qxh4 30. Ree3 Qf4 31. Rgf3 Bxf3 32. Rxf3 Qe4 33.
Qxe4 Nxe4 34. Bxe4 e5 35. Nc6 Rd1+ 36. Kh2 Re1 37. Re3 Rxe3 38. fxe3 Re8 39.
Kg3 g6 40. Bd5 Kg7 41. Bc4 b5 42. Bd5 f5 43. c4 Kf6 44. c5 g5 45. e4 f4+ 46.
Kg4 Kg6 47. Nb4 h5+ 48. Kf3 g4+ 49. Kf2 a5 50. Nd3 Kf6 51. Bc6 Rb8 52. Bd7 Ke7
53. c6 Kd6 54. Nxe5 Kxe5 55. c7 Rf8 56. c8=Q Rxc8 57. Bxc8 a4 58. bxa4 bxa4 59.
Bb7 a3 60. Bd5 Kd4 61. Ke2 h4 62. Kf2 Ke5 63. Ke2 a2 64. Bxa2 Kxe4 65. Bb1+ Ke5
66. Kf2 f3 1/2-1/2

[Event "Scarborough CC Jack Frost"]
[Site "Toronto CAN"]
[Date "2024.01.18"]
[Round "6.2"]
[White "Yang, Larry"]
[Black "Gao, Heye"]
[Result "1-0"]
[WhiteElo "2132"]
[BlackElo "1885"]
[PlyCount "109"]
[EventDate "2023.12.07"]
[EventType "swiss"]
[EventRounds "7"]
[EventCountry "CAN"]

1. e4 e5 2. Nf3 Nc6 3. Bc4 Bc5 4. c3 Nf6 5. d4 exd4 6. e5 d5 7. Be2 Ne4 8. cxd4
Bb4+ 9. Bd2 Nxd2 10. Nbxd2 O-O 11. a3 Be7 12. b4 a6 13. O-O Bf5 14. Nb3 b6 15.
Nfd2 f6 16. f4 fxe5 17. dxe5 Qd7 18. g4 Bg6 19. f5 Be8 20. Nf3 Kh8 21. Qd2 g6
22. Nbd4 Nxd4 23. Nxd4 gxf5 24. Bd3 Rg8 25. Bxf5 Bg5 26. Qe2 Qe7 27. Rf3 Bg6
28. Kh1 c5 29. bxc5 bxc5 30. Ne6 Bf7 31. Nxg5 Rxg5 32. e6 d4 33. Qe4 Re8 34.
exf7 Qxf7 35. Qf4 Qe7 36. Bd3 Rg7 37. h3 Qb7 38. Bc4 Qc8 39. Raf1 Rg6 40. Qf7
Qc6 41. Qxe8+ Qxe8 42. Rf8+ Qxf8 43. Rxf8+ Kg7 44. Rg8+ Kf6 45. Rxg6+ hxg6 46.
Kg2 Ke5 47. Kf3 a5 48. h4 a4 49. Bg8 Kf6 50. Ke4 Kg7 51. Bc4 Kf6 52. Kd5 g5 53.
hxg5+ Kxg5 54. Kxc5 d3 55. Bxd3 1-0

[Event "Scarborough CC Jack Frost"]
[Site "Toronto CAN"]
[Date "2024.01.18"]
[Round "6.3"]
[White "Gebhardt, David"]
[Black "Balakrishnan, Shankar"]
[Result "1-0"]
[WhiteElo "1619"]
[BlackElo "1715"]
[PlyCount "97"]
[EventDate "2023.12.07"]
[EventType "swiss"]
[EventRounds "7"]
[EventCountry "CAN"]

1. e4 e5 2. Nf3 Nc6 3. Bc4 f5 4. d4 fxe4 5. Nxe5 d5 6. Qh5+ g6 7. Nxc6 gxh5 8.
Nxd8 dxc4 9. Bf4 Kxd8 10. Be5 Ne7 11. Bxh8 Ng6 12. Bf6+ Ke8 13. Nd2 Kf7 14. Bg5
b5 15. Nxe4 Bf5 16. f3 Kg7 17. O-O-O h6 18. Be3 a5 19. Ng3 Ne7 20. Nxf5+ Nxf5
21. Bf4 Nd6 22. Rhe1 b4 23. Re6 Kh7 24. Bxd6 Bxd6 25. g3 a4 26. Rde1 Ra7 27. f4
h4 28. Rf6 b3 29. a3 c3 30. cxb3 hxg3 31. hxg3 axb3 32. Re3 cxb2+ 33. Kxb2
Bxa3+ 34. Kxb3 Bd6 35. Kc4 Ra1 36. Ree6 Rh1 37. Rf7+ Kg8 38. Rd7 Kf8 39. Rh7
Rh3 40. Rg6 h5 41. Kd5 Rh1 42. Rg5 h4 43. Rxh4 Re1 44. Rh7 Re3 45. g4 Bxf4 46.
Rf5+ Kg8 47. Rxf4 Kxh7 48. Rf7+ Kg6 49. Rxc7 1-0